Ranking the Survivor Seasons Quiz Stats

 Plays Quiz not verified by Sporcle

Challenge
Share
Tweet
Embed
Score 0/27 Timer 10:00
0 Plays Today
Hint Answer % Correct
1Survivor: Micronesia - Fans vs. Favorites
97.9%
3Survivor: Borneo
91.3%
2Survivor: Heroes vs. Villains
77.1%
11Survivor: The Australian Outback
70.8%
5Survivor: All-Stars
70.1%
7Survivor: Philippines
67.7%
8Survivor: Cook Islands
67.4%
13Survivor: Palau
67.4%
6Survivor: Caramoan - Fans vs. Favorites
66.3%
25. Survivor: Nicaragua
64.9%
10Survivor: Pearl Islands
62.5%
12Survivor: Tocantins
58.7%
14Survivor: Samoa
54.2%
26. Survivor: Thailand
51%
Hint Answer % Correct
24Survivor: Redemption Island
50.3%
27.Survivor: One World
49%
4Survivor: Blood vs. Water
48.3%
20Survivor: Africa
48.3%
17Survivor: Fiji
47.9%
9Survivor: China
44.4%
19Survivor: Marquesas
44.4%
15Survivor: The Amazon
42.7%
23Survivor: Gabon
38.9%
16Survivor: Panama - Exile Island
38.2%
18Survivor: South Pacific
37.2%
21Survivor: Vanuatu
36.1%
22Survivor: Guatemala
35.4%

You're not logged in!

Compare scores with friends on all Sporcle quizzes.
OR
Log In

You Might Also Like...

Show Comments

Extras

Created Mar 11, 2014ReportNominate
Tags:season, survivor

Top Quizzes Today


Score Distribution

Your Account Isn't Verified!

In order to create a playlist on Sporcle, you need to verify the email address you used during registration. Go to your Sporcle Settings to finish the process.

Report this User

Report this user for behavior that violates our Community Guidelines.

Details: